Statistics for Random Oceanic Subdivisions on a Map

Click here to take the quiz!

General Stats

  • This quiz has been taken 54 times
  • The average score is 5 of 25

Answers on the Map

Answers color-coded by a green-red scale on the quiz's map according to % correct below.
 

Answer Stats

CountryTypeAnswer% Correct
SamoaDistrictAiga-i-le-Tai
100%
United StatesInsular AreaAmerican Samoa
100%
New ZealandRegionAuckland
100%
Solomon IslandsProvinceCentral
100%
NauruDistrictDenigomodu
100%
Papua New GuineaProvinceEnga
100%
New ZealandRegionGisborne
100%
PalauStateHatohobei
100%
United StatesStateHawaii
100%
AustraliaInternal TerritoryJervis Bay Territory
100%
KiribatiCouncilKiritimati
100%
KiribatiCouncilMarakei
100%
New ZealandRegionMarlborough
100%
FranceOverseas collectivityNew Caledonia
100%
PalauStateNgiwal
100%
New ZealandFree AssociationNiue
100%
SamoaDistrictPalauli
100%
United KingdomOverseas TerritoryPitcairn Islands
100%
Federated States of MicronesiaStatePohnpei
100%
AustraliaStateQueensland
100%
SamoaDistrictSatupa'itea
100%
AustraliaStateSouth Australia
100%
New ZealandRegionSouthland
100%
AustraliaStateTasmania
100%
AustraliaStateVictoria
100%
AustraliaInternal TerritoryAustralian Capital Territory
75%
Papua New GuineaProvinceWestern
67%
Marshall IslandsMunicipalityArno Atoll
50%
SamoaDistrictAtua
50%
NauruDistrictBaitsi
50%
KiribatiCouncilBeru
50%
NauruDistrictBuada
50%
KiribatiCouncilButaritari
50%
FijiProvinceCakaudrove
50%
New ZealandRegionCanterbury
50%
Papua New GuineaProvinceEastern Highlands
50%
FranceOverseas collectivityFrench Polynesia
50%
United StatesInsular AreaGuam
50%
Papua New GuineaProvinceManus
50%
Papua New GuineaProvinceMilne Bay
50%
Marshall IslandsMunicipalityNamorik Atoll
50%
TuvaluIslandNanumea
50%
AustraliaStateNew South Wales
50%
TuvaluIslandNiulakita
50%
KiribatiCouncilNonouti
50%
New ZealandRegionNorthland
50%
PalauStatePeleliu
50%
Solomon IslandsProvinceRennell and Bellona
50%
VanuatuProvinceShefa
50%
Papua New GuineaProvinceSouthern Highlands
50%
TongaAdministrative divisionTongatapu
50%
NauruDistrictUaboe
50%
Marshall IslandsMunicipalityUtirik Atoll
50%
Marshall IslandsMunicipalityAilinglaplap Atoll
33%
SamoaDistrictFa'asaleleaga
33%
Papua New GuineaProvinceJiwaka
33%
PalauStateNgaraard
33%
KiribatiCouncilNikunau
33%
KiribatiCouncilTeraina
33%
FranceOverseas collectivityWallis and Futuna
33%
Marshall IslandsMunicipalityJaluit Atoll
25%
Marshall IslandsMunicipalityMejit Island
25%
SamoaDistrictA'ana
0%
KiribatiCouncilAbaiang
0%
KiribatiCouncilAbemama
0%
Marshall IslandsMunicipalityAiluk Atoll
0%
PalauStateAimeliik
0%
PalauStateAirai
0%
NauruDistrictAiwo
0%
NauruDistrictAnabar
0%
NauruDistrictAnetan
0%
PalauStateAngaur
0%
NauruDistrictAnibare
0%
KiribatiCouncilAranuka
0%
KiribatiCouncilArorae
0%
Marshall IslandsMunicipalityAur Atoll
0%
Papua New GuineaAutonomous RegionAutonomous Region of Bougainville
0%
FijiProvinceBa
0%
KiribatiCouncilBanaba
0%
New ZealandRegionBay of Plenty
0%
KiribatiCouncilBetio
0%
NauruDistrictBoe
0%
FijiProvinceBua
0%
Solomon IslandsTerritoryCapital Territory
0%
Papua New GuineaProvinceCentral
0%
Solomon IslandsProvinceChoiseul
0%
Federated States of MicronesiaStateChuuk
0%
New ZealandFree AssociationCook Islands
0%
Papua New GuineaProvinceEast New Britain
0%
Papua New GuineaProvinceEast Sepik
0%
Marshall IslandsMunicipalityEbon Atoll
0%
Marshall IslandsMunicipalityEnewetok
0%
TongaAdministrative divisionEua
0%
NauruDistrictEwa
0%
TuvaluIslandFunafuti
0%
SamoaDistrictGaga'emauga
0%
SamoaDistrictGaga'ifomauga
0%
Solomon IslandsProvinceGuadalcanal
0%
Papua New GuineaProvinceGulf
0%
TongaAdministrative divisionHa'apai
0%
New ZealandRegionHawke's Bay
0%
Papua New GuineaProvinceHela
0%
NauruDistrictIjuw
0%
Solomon IslandsProvinceIsabel
0%
Marshall IslandsMunicipalityJabat Island
0%
FijiProvinceKadavu
0%
KiribatiCouncilKanton
0%
PalauStateKayangel
0%
Marshall IslandsMunicipalityKili
0%
PalauStateKoror
0%
Federated States of MicronesiaStateKosrae
0%
KiribatiCouncilKuria
0%
Marshall IslandsMunicipalityKwajalein Atoll
0%
Marshall IslandsMunicipalityLae Atoll
0%
FijiProvinceLau
0%
Marshall IslandsMunicipalityLib Island
0%
Marshall IslandsMunicipalityLikiep Atoll
0%
FijiProvinceLomaiviti
0%
FijiProvinceMacuata
0%
Papua New GuineaProvinceMadang
0%
KiribatiCouncilMaiana
0%
Marshall IslandsMunicipalityMajuro Atoll
0%
KiribatiCouncilMakin
0%
Solomon IslandsProvinceMakira-Ulawa
0%
Solomon IslandsProvinceMalaita
0%
VanuatuProvinceMalampa
0%
Marshall IslandsMunicipalityMaloelap Atoll
0%
New ZealandRegionManawatu-Wanganui
0%
PalauStateMelekeok
0%
NauruDistrictMeneng
0%
Marshall IslandsMunicipalityMili Atoll
0%
Papua New GuineaProvinceMorobe
0%
FijiProvinceNadroga-Navosa
0%
FijiProvinceNaitasiri
0%
FijiProvinceNamosi
0%
Marshall IslandsMunicipalityNamu Atoll
0%
TuvaluIslandNanumanga
0%
Papua New GuineaNational Capital DistrictNational Capital District
0%
New ZealandRegionNelson
0%
Papua New GuineaProvinceNew Ireland
0%
PalauStateNgarchelong
0%
PalauStateNgardmau
0%
PalauStateNgatpang
0%
PalauStateNgchesar
0%
PalauStateNgeremlengui
0%
NauruDistrictNibok
0%
TuvaluIslandNiutao
0%
AustraliaExternal TerritoryNorfolk Island
0%
United StatesInsular AreaNorthern Mariana Islands
0%
AustraliaInternal TerritoryNorthern Territory
0%
KiribatiCouncilNorth Tabiteuea
0%
KiribatiCouncilNorth Tarawa
0%
TuvaluIslandNui
0%
TuvaluIslandNukufetau
0%
TuvaluIslandNukulaelae
0%
TongaAdministrative divisionOngo Niua
0%
KiribatiCouncilOnotoa
0%
Papua New GuineaProvinceOro
0%
New ZealandRegionOtago
0%
IndonesiaProvincePapua
0%
VanuatuProvincePenama
0%
FijiProvinceRa
0%
FijiProvinceRewa
0%
Marshall IslandsMunicipalityRongelap Atoll
0%
FijiDependencyRotuma
0%
Papua New GuineaProvinceSandaun
0%
VanuatuProvinceSanma
0%
FijiProvinceSerua
0%
Papua New GuineaProvinceSimbu
0%
PalauStateSonsorol
0%
KiribatiCouncilSouth Tabiteuea
0%
KiribatiCouncilSouth Tarawa
0%
KiribatiCouncilTabuaeran
0%
VanuatuProvinceTafea
0%
FijiProvinceTailevu
0%
KiribatiCouncilTamana
0%
New ZealandRegionTaranaki
0%
New ZealandRegionTasman
0%
Solomon IslandsProvinceTemotu
0%
New ZealandDependent TerritoryTokelau
0%
VanuatuProvinceTorba
0%
SamoaDistrictTuamasaga
0%
Marshall IslandsMunicipalityUjae Atoll
0%
SamoaDistrictVa'a-o-Fonoti
0%
SamoaDistrictVaisigano
0%
TuvaluIslandVaitupu
0%
TongaAdministrative divisionVava'u
0%
New ZealandRegionWaikato
0%
New ZealandRegionWellington
0%
New ZealandRegionWest Coast
0%
Solomon IslandsProvinceWestern
0%
AustraliaStateWestern Australia
0%
Papua New GuineaProvinceWestern Highlands
0%
Papua New GuineaProvinceWest New Britain
0%
IndonesiaProvinceWest Papua
0%
Marshall IslandsMunicipalityWotho Atoll
0%
Marshall IslandsMunicipalityWotje Atoll
0%
Federated States of MicronesiaStateYap
0%
NauruDistrictYaren
0%

Score Distribution

Percentile by Number Answered

Percent of People with Each Score

Your Score History

You have not taken this quiz